[Event "Allauch op 5th"]
[Site "Allauch"]
[Date "2023.08.29"]
[Round "3"]
[White "Rigat, Severin"]
[Black "Personne, Solene"]
[Result "0-1"]
[WhiteElo "1289"]
[BlackElo "1542"]
[PlyCount "96"]
[EventDate "2023.08.28"]
[EventType "swiss"]
[EventRounds "9"]
[EventCountry "FRA"]
[SourceTitle "EXT 2024"]
[Source "ChessBase"]
[SourceDate "2023.10.10"]
[SourceVersion "1"]
[SourceVersionDate "2023.10.10"]
[SourceQuality "1"]

1. e4 c5 2. Nf3 d6 3. Bb5+ Bd7 4. Bxd7+ Nxd7 5. d4 cxd4 6. Nxd4 Ngf6 7. Nc3 e5 8. Nf5 Nc5 9. Bg5 Ne6 10. Bxf6 Qxf6 11. Nxd6+ Bxd6 12. Qxd6 Rd8 13. Qb4 Qg5 14. Nd5 Rd7 15. 0-0 Nd4 16. Qa4 b5 17. Qa6 0-0 18. c3 Nf3+ 19. Kh1 Nh4 20. g3 Nf3 21. Qxb5 Rfd8 22. Kg2 Nd2 23. Rfd1 Nxe4 24. Qc4 Nd6 25. Qe2 e4 26. h4 Qe5 27. Ne3 f5 28. Nc4 Qb5 29. Rd4 Nf7 30. a4 Qa6 31. Rxd7 Rxd7 32. Kf1 Rd3 33. Ne3 Qe6 34. g4 fxg4 35. Qxg4 Qf6 36. Qxe4 Ne5 37. Ke2 Rd8 38. b4 Ng6 39. Rd1 Rf8 40. Ng4 Qxc3 41. Ne3 Qb2+ 42. Rd2 Qf6 43. Kd3 Nf4+ 44. Kc2 Rc8+ 45. Kb1 Qc3 46. Rc2 Qe1+ 47. Kb2 Rxc2+ 48. Nxc2 Qxe4 0-1